Catálogo - Centro de Recursos para el Aprendizaje y la Investigación

Volver al Sitio - CRAI Biblioteca
Vista normal Vista MARC
  • Convenio sobre la Distribución Señales Portadas de Programas Transmitidas por Satélite (1974 : Bruselas)

Entrada Nombre de reunión

Número de registros utilizados en: 1

001 - NÚMERO DE CONTROL

  • campo de control: 204362

003 - IDENTIFICADOR DEL NÚMERO DE CONTROL

  • campo de control: DR-UNIBE

005 - FECHA Y HORA DE LA ÚLTIMA TRANSACCIÓN

  • campo de control: 20260427102620.0

008 - DATOS DE LONGITUD FIJA

  • campo de control de longitud fija: 260427|| aca||aabn | a|a d

040 ## - FUENTE DE LA CATALOGACIÓN

  • Centro catalogador/agencia de origen: DR-UNIBE
  • Centro/agencia transcriptor: DR-UNIBE

111 ## - ENCABEZAMIENTO--NOMBRE DE CONGRESO/REUNIÓN

  • Nombre de congreso/reunión o jurisdicción como elemento de entrada: Convenio sobre la Distribución Señales Portadas de Programas Transmitidas por Satélite (1974 : Bruselas)

670 ## - FUENTE DE DATOS ENCONTRADOS

  • Cita de la fuente: Work cat.: (DR-UNIBE)114601: Convenio sobre la Distribución Señales Portadas de Programas Transmitidas por Satélite (1974 : Bruselas), Convenio sobre la distribución señales portadas de programas transmitidas por satélite : hecho en Bruselas el 21 mayo de 1974, 1998